| 000 | 00988nam a22002057a 4500 | ||
|---|---|---|---|
| 999 |
_c17657 _d17657 |
||
| 003 | AR-CdUCM | ||
| 008 | 190509b ||||| |||| 00| 0 spa d | ||
| 040 |
_aMUNICIPALIDAD PROVINCIAL DEL CUSCO _cBIBLIOTECA MUNICIPAL DEL CUSCO |
||
| 082 |
_a335.441 / _bL44 |
||
| 100 |
_aLenin, V. I. _94963 |
||
| 245 |
_aEl estado y la revolución : _bla doctrina marxista del Estado y las tareas del proletariado en la revolución / |
||
| 260 |
_aPekin : _bEdiciones en Lenguas Extranjeras, _c1968. |
||
| 300 |
_a153 páginas ; _bretrato, _c19.5 cm. |
||
| 505 | _aContenido: La sociedad de clases y el estado -- El estado y la revolución la experiencia de los años 1848 - 1851 -- El estado y la revolución la experiencia de la comuna de París -- Continuación Aclaraciones complementarias de Engels -- Las bases económicas de la extinción del estado ... | ||
| 650 |
_aRevolución _9844 |
||
| 650 |
_aEstado _9738 |
||
| 650 |
_aComunismo _9495 |
||
| 942 |
_2ddc _cLIBROS |
||
| 945 |
_aachl _d2019-05-09 |
||